000 00318nam a2200133Ia 4500
008 220104s9999 xx 000 0 und d
100 _aVeeraputhran S
245 0 _aRubber seed industry: an overview (Mal.)
650 _aIndia
650 _aIndustry
650 _aRubber seed
700 _aJoseph Toms
942 _cBE
999 _c47514
_d47514